|
|
|
|
| LEADER |
00000nas a2200000 a 4500 |
| 001 |
ssj0015897 |
| 003 |
WaSeSS |
| 005 |
20200512172242.0 |
| 006 |
m d |
| 007 |
cr n |
| 008 |
991101c20009999pauqr p s 0 a0eng c |
| 010 |
|
|
|a sn 99009478
|
| 016 |
7 |
|
|a 010484156
|2 Uk
|
| 022 |
|
|
|l 1527-3741
|y 1527-3741
|
| 035 |
|
|
|a (WaSeSS)ssj0015897
|
| 037 |
|
|
|b American Pomological Society, 102 Tyson Bldg., University Park, PA 16802
|c $25.00
|
| 040 |
|
|
|a NSD
|b eng
|c NSD
|d HUL
|d NSD
|d AGL
|d UMC
|d NTE
|d GUA
|d DLC
|d NSD
|d DLC
|d OCLCQ
|d UKMGB
|d OCLCF
|d OCLCO
|d CUS
|d WaSeSS
|
| 042 |
|
|
|a pcc
|a nsdp
|
| 050 |
0 |
0 |
|a SB354
|b .A54
|
| 070 |
0 |
|
|a SB354
|b .J67
|
| 072 |
|
0 |
|a F110
|
| 082 |
1 |
0 |
|a 634
|2 13
|
| 210 |
0 |
|
|a J. Am. Pomol. Soc.
|
| 222 |
|
0 |
|a Journal of American Pomological Society
|
| 245 |
0 |
0 |
|a Journal of American Pomological Society
|h [electronic resource].
|
| 246 |
1 |
|
|i Some issues have title:
|a Journal American Pomological Society
|
| 246 |
1 |
|
|i Also known as:
|a Journal of the American Pomological Society
|
| 260 |
|
|
|a University Park, PA :
|b American Pomological Society,
|c [2000-
|
| 310 |
|
|
|a Quarterly
|
| 362 |
0 |
|
|a Vol. 54, no. 1 (Jan. 2000)-
|
| 500 |
|
|
|a Title from caption.
|
| 506 |
|
|
|a License restrictions may limit access.
|
| 650 |
|
0 |
|a Fruit
|x Varieties
|v Periodicals.
|
| 650 |
|
0 |
|a Fruit-culture
|v Periodicals.
|
| 650 |
|
7 |
|a Fruit-culture.
|2 fast
|0 (OCoLC)fst00935739
|
| 650 |
|
7 |
|a Fruit
|x Varieties.
|2 fast
|0 (OCoLC)fst00935652
|
| 655 |
|
0 |
|a Electronic journals.
|
| 710 |
2 |
|
|a American Pomological Society.
|
| 780 |
0 |
0 |
|t Fruit varieties journal
|x 0091-3642
|w (DLC) 73642492
|w (OCoLC)1785961
|
| 850 |
|
|
|a DLC
|a DNAL
|
| 856 |
4 |
0 |
|z Full text available from Research Library: 04/01/2001 to 10/31/2010
|u https://search.proquest.com/publication/46215
|